000 00769nam a2200229Ii 4500
003 JO-AjNU
008 230605s9999||||xx |||||||||||||| ||und||
017 _a2008/6/1957
020 _a978-9957-24-403-3
040 _aJO-AjNU
_bara
_erda
_cJO-AjNU
041 _aara
050 1 4 _aHJ9773.R3564 2009
100 3 _aالرماحي، نواف محمد عباس,
_eauthor
_928243
245 0 0 _aالمحاسبة الحكومية
250 _aط1
264 3 1 _aعمان: دار صفاء للنشر والتوزيع، 2009
300 _a452ص
_bيحتوي على ببلوغرافية من 451-452ص
336 _atext
_btxt
_2rdacontent
337 _aunmediated
_bn
_2rdamedia
338 _avolume
_bnc
_2rdacarrier
650 4 _aالمحاسبة الحكومية
_928244
999 _aA10930
_c14498
_d14498